Translation studies (Record no. 1428856)

MARC details
000 -LEADER
fixed length control field 01344cam a2200385 i 4500
001 - CONTROL NUMBER
control field 17739287
005 - DATE AND TIME OF LATEST TRANSACTION
control field 20250520104647.0
008 - FIXED-LENGTH DATA ELEMENTS--GENERAL INFORMATION
fixed length control field 130515r20141980enka b 001 0 eng
010 ## - LIBRARY OF CONGRESS CONTROL NUMBER
LC control number 2013017303
020 ## - INTERNATIONAL STANDARD BOOK NUMBER
International Standard Book Number 9780415506700 (hbk)
020 ## - INTERNATIONAL STANDARD BOOK NUMBER
International Standard Book Number 9780415506731 (pbk)
037 ## - SOURCE OF ACQUISITION
Terms of availability TB
040 ## - CATALOGING SOURCE
Original cataloging agency BL
Language of cataloging eng
Transcribing agency BL
Description conventions rda
Modifying agency BL
042 ## - AUTHENTICATION CODE
Authentication code pcc
050 00 - LIBRARY OF CONGRESS CALL NUMBER
Classification number PN241
Item number .B265 2014
084 ## - COLON CLASSIFICATION NUMBER
Classification number P:795 M0
Assigning agency BL
100 1# - MAIN ENTRY--PERSONAL NAME
Personal name Bassnett, Susan,
Relator term author.
9 (RLIN) 809001
245 10 - TITLE STATEMENT
Title Translation studies
250 ## - EDITION STATEMENT
Edition statement 4th Ed.
264 #1 - PRODUCTION, PUBLICATION, DISTRIBUTION, MANUFACTURE, AND COPYRIGHT NOTICE
Place of production, publication, distribution, manufacture London ;
-- New York :
Name of producer, publisher, distributor, manufacturer Routledge, Taylor & Francis Group,
Date of production, publication, distribution, manufacture, or copyright notice 2014.
300 ## - PHYSICAL DESCRIPTION
Extent xii, 190p.:
Other physical details illustrations ;
Dimensions 20 cm.
336 ## - CONTENT TYPE
Content type term text
Source rdacontent
337 ## - MEDIA TYPE
Media type term unmediated
Source rdamedia
338 ## - CARRIER TYPE
Carrier type term volume
Source rdacarrier
365 ## - TRADE PRICE
Price amount 2151.10
Currency code INR
490 0# - SERIES STATEMENT
Series statement New accents
500 ## - GENERAL NOTE
General note First published in 1980 by Methuen & Co. Ltd.
504 ## - BIBLIOGRAPHY, ETC. NOTE
Bibliography, etc. note Includes bibliographical references (pages 165-183) and index.
650 #0 - SUBJECT ADDED ENTRY--TOPICAL TERM
Topical term or geographic name entry element Translating and interpreting.
9 (RLIN) 809002
650 #0 - SUBJECT ADDED ENTRY--TOPICAL TERM
Topical term or geographic name entry element Language and Languages
9 (RLIN) 809003
906 ## - LOCAL DATA ELEMENT F, LDF (RLIN)
a 7
b cbc
c orignew
d 1
e ecip
f 20
g y-gencatlg
942 ## - ADDED ENTRY ELEMENTS (KOHA)
Source of classification or shelving scheme Colon Classification (CC)
Koha item type Textbook
Edition 4th Ed.
Classification part P:795 M0
Suppress in OPAC No
Holdings
Withdrawn status Lost status Source of classification or shelving scheme Damaged status Not for loan Home library Current library Date acquired Source of acquisition Cost, normal purchase price Inventory number Total Checkouts Full call number Barcode Date last seen Price effective from Koha item type
    Colon Classification (CC)     Braille Library Braille Library 2025-05-20 Classic Book Service 2151.10 280 & 2025-02-28   P:795 M0 BL0001233 2025-05-20 2025-05-20 Textbook
Copyright @ Delhi University Library System